00555nam a2200157Ia 4500008004100000020001900041082002000060100001900080245008100099250001600180260005200196300001000248942001200258999001900270952010800289210430s9999 xx 000 0 und d a978-0471275077 a668.903 E5615 E aHerman F Mark  aEncyclopedia of Polymer Science and technology Vol 2 of 12 /cHerman F Mark  a3rd edition aNew JerseybJohn wiley & Sons publicationc2003 a739p. cBK2ddc c562041d562041 001040708NFICaSCMEbSCMEcGENd0008-03-11l0o668.903 E5615 EpSCME-901r2021-04-30w2021-04-30yBK